000 00315nam a2200121Ia 4500
008 190216s9999||||xx |||||||||||||| ||und||
100 _aEdwards Joseph
245 3 _aAn Elementary Treatise On The Differential Calculus
260 _bMagmillan &co Ltd
_c1896
300 _a529p
650 _aMathematics
942 _cBK
999 _c30522
_d30522